000 00429pab a2200169 454500
008 180718b1996 xxu||||| |||| 00| 0 eng d
100 _aJoshi, G.P.
245 _aCommunity policing concept and applications
260 _c1996
300 _ap.1-21
362 _aJul-Sep
650 _aPolice - India
650 _aPolice
700 _aBajpai, G.S.
773 _aPolice Research and Development, Quarter III
909 _a35122
999 _c35122
_d35122